000 00274nam a2200109Ia 4500
001 588631
005 20250717120835.0
008 250717s9999 xx 000 0 und d
245 0 _aV-5 PİNİN HAZİNESİ
_cJENNIFER DALRYMPLE
260 _bERDEM YAYINLARI
_c2017
300 _b48
999 _c588631
_d588631